| 000 | 00549nam a2200205Ia 4500 | ||
|---|---|---|---|
| 003 | OSt | ||
| 005 | 20240614161257.0 | ||
| 008 | 210210b2005 xxu||||| |||| 00| 0 eng d | ||
| 020 | _a81 87731 65 6 | ||
| 040 | _cAL | ||
| 041 | _aKannada | ||
| 082 | _aK894.1 RUPB | ||
| 100 |
_aRUPA HASANA. _dರೂಪಾ ಹಾಸನ _9170877 |
||
| 245 |
_aBagilacheya mauna. _bಬಾಗಿಲಚೆಯ ಮೌನ. |
||
| 260 |
_aBallari _bLohiya Prakashana _c2005 |
||
| 300 | _axvi,80 | ||
| 690 |
_aKannada Poetry _9170878 |
||
| 906 | _a059967 | ||
| 942 |
_2ddc _cBK |
||
| 999 |
_c106673 _d106673 |
||